=LDR 00000nam 2200000 4500 =001 NUTBA000000000003559 =005 20140821143151.0 =006 =007 =008 =020 ##$$a 602-1609-06-9 =035 ##$$a 0010-081400000000404 =040 ##$$a NBPDMAT =090 ##$$a 372.7 $b Tim p =100 ##$$a Tim Math Eduka =245 ##$$a Pocket book matematika SD kelas 4,5,6/ Tim Math Eduka ; penyunting, Sigit =250 ##$$a Cet. 2 =260 ##$$a Jakarta : $b Cinedia, $c 2013 =300 ##$$a iv, 250 hlm. ; 14 cm. =650 ##$$a Matematika-SD =700 ##$$a Sigit =850 ##$$a NBPDMAT =990 ##$$a 21406062